Rito York (Record no. 104332)

MARC details
000 -LEADER
campo de control de longitud fija 01051nam a2200325 i 4500
001 - NÚMERO DE CONTROL
campo de control MOR01000104659
003 - IDENTIFICADOR DE NÚMERO DE CONTROL
campo de control $$amxcmmo
005 - FECHA Y HORA DE LA ÚLTIMA TRANSACCIÓN
campo de control 20260331230801.0
008 - DATOS DE LONGITUD FIJA--INFORMACIÓN GENERAL
campo de control de longitud fija 170602b mem g 000 0 spa d
035 ## - NÚMERO DE CONTROL DEL SISTEMA
Número de control de sistema 170657
040 ## - FUENTE DE CATALOGACIÓN
Centro catalogador/agencia de origen mxcmmo
Lengua de catalogación spa
Centro/agencia transcriptor mxcmmo
Normas de descripción rda
041 0# - CÓDIGO DE IDIOMA
Código de lengua del texto/banda sonora o título independiente spa
082 04 - NÚMERO DE LA CLASIFICACIÓN DECIMAL DEWEY
Número de clasificación 366.1
Número de ítem LEO.r
100 1# - ENTRADA PRINCIPAL--NOMBRE DE PERSONA
Nombre de persona León García, Alfonso
Término indicativo de función/relación autor
9 (RLIN) 186423
245 10 - MENCIÓN DEL TÍTULO
Título Rito York
Resto del título : ritual universal/
Mención de responsabilidad, etc. por Alfonso León García
264 #1 - PRODUCCIÓN, PUBLICACIÓN, DISTRIBUCIÓN, FABRICACIÓN Y COPYRIGHT
Producción, publicación, distribución, fabricación y copyright Toluca, México:
Nombre del de productor, editor, distribuidor, fabricante Editorial Aries,
Fecha de producción, publicación, distribución, fabricación o copyright [Fecha de publicación no identificada)
300 ## - DESCRIPCIÓN FÍSICA
Extensión 184 páginas;
Dimensiones 20 cm
336 ## - TIPO DE CONTENIDO
Término de tipo de contenido texto
Código de tipo de contenido txt
Fuente rdacontent
337 ## - TIPO DE MEDIO
Nombre/término del tipo de medio sin medio
Código del tipo de medio n
Fuente rdamedia
338 ## - TIPO DE SOPORTE
Nombre/término del tipo de soporte volumen
Código del tipo de soporte nc
Fuente rdacarrier
561 0# - PROPIEDAD E HISTORIA DE CUSTODIA/NOTA DE PROCEDENCIA
Historial Fondo Miguel Castro Ruiz
650 #7 - PUNTO DE ACCESO ADICIONAL DE MATERIA--TÉRMINO DE MATERIA
Término de materia o nombre geográfico como elemento de entrada Francmasones
Subdivisión general Rito yorkino
9 (RLIN) 186424
900 ## - ELEMENTOS DE DATOS A LOCAL, LDA (RLIN)
Nombre de persona CECY
Numeración 30
Títulos y otros términos asociados al nombre 20170607
Lenguaje de la obra MOR01
-- 1315
900 ## - ELEMENTOS DE DATOS A LOCAL, LDA (RLIN)
Nombre de persona KLASY
Numeración 30
Títulos y otros términos asociados al nombre 20171011
Lenguaje de la obra MOR01
-- 1343
900 ## - ELEMENTOS DE DATOS A LOCAL, LDA (RLIN)
Nombre de persona LUIS
Numeración 20
Títulos y otros términos asociados al nombre 20170602
Lenguaje de la obra MOR01
-- 1535
900 ## - ELEMENTOS DE DATOS A LOCAL, LDA (RLIN)
Nombre de persona LUIS
Numeración 20
Títulos y otros términos asociados al nombre 20170602
Lenguaje de la obra MOR01
-- 1535
900 ## - ELEMENTOS DE DATOS A LOCAL, LDA (RLIN)
Nombre de persona VOBO
Numeración 40
Títulos y otros términos asociados al nombre 20171116
Lenguaje de la obra MOR01
-- 1036
904 ## - ELEMENTOS DE DATOS D LOCAL, LDD (RLIN)
a UPDATE
942 ## - ELEMENTOS DE ENTRADA SECUNDARIOS (KOHA)
Código de la institución [OBSOLETO] BK
901 ## - ELEMENTOS DE DATOS A LOCAL LDA (RLIN)
a batch batch
Holdings
Estatus retirado Estado de pérdida Fuente del sistema de clasificación o colocación Estado de daño No para préstamo Colección Biblioteca de origen Biblioteca actual Ubicación en estantería Fecha de adquisición Fuente de adquisición Número de inventario Total de préstamos Signatura topográfica completa Código de barras Visto por última vez Precio de reemplazo Tipo de ítem Koha
    Clasificación Decimal Dewey     Fondo Miguel Castro Biblioteca Nicolas Poussin Biblioteca Nicolas Poussin Regular 07/06/2017   131552   (GC)/366.1 LEO.r 33068001365301 03/09/2024 03/09/2024 Libro préstamo regular